000
00183nam a22000977a 4500
020
_a
9780141387772
082
_a
800.86
100
_a
ASHER, JAY
245
_a
13 REASONS WHY
942
_c
BK
999
_c
5999
_d
5999